| 000 | 00712nam a2200217Ia 4500 | ||
|---|---|---|---|
| 001 | 9698 | ||
| 003 | GE_BSU | ||
| 008 | 181216s||||||||xx |||||||||||||| ||und|| | ||
| 040 | _cGE_BSU | ||
| 080 | _a821.353.1–1 | ||
| 100 | _aნარიმანიძე,სილოვან | ||
| 245 | _aმაისის საჭამო | ||
| 245 | _bლექსები | ||
| 245 | _cრედ.ს.დემურხანაშვილი.მხატვ.ვ.გიგაური | ||
| 260 | _aთბილისი | ||
| 260 | _bმერანი | ||
| 260 | _c1971 | ||
| 300 | _a179გვ.19სმ.ილ.ფოტო პორტრ. | ||
| 653 | _aმაისის საჭამო | ||
| 942 | _cBK | ||
| 999 |
_c42981 _d42981 |
||